Countries By 3 Clues #9 - Statistics

General Stats
  • This quiz has been taken 42 times
  • The average score is 12 of 15
Answer Stats
3 Clues Countries % Correct
Shamrock, Potatoes, Éire Ireland
100%
Caribbean, Bob Marley, Rastafari Jamaica
97%
Auckland, Māori, Kiwi New Zealand
91%
Convertible Mark, Mostar, Sarajevo Bosnia and Herzegovina
89%
Gobi, Genghis Khan, Yurt Mongolia
89%
Canal, Manuel Noriega, Darién Gap Panama
89%
Horn of Africa, Red Sea, Asmara Eritrea
83%
Rio de la Plata, Cannabis, Montevideo Uruguay
83%
Balkan, Zagreb, Adriatic Sea Croatia
80%
Tiraspol, Leu, Chișinău Moldova
80%
Black Sea, South Ossetia, Tbilisi Georgia
77%
Nouakchott, Muslim, Maghreb Mauritania
71%
Caucasus, Hayastan, Dram Armenia
66%
Emir, Arabic, Robot Camel Jockeys Kuwait
63%
French, Bangui, Jean-Bédel Bokassa Central African Republic
60%
No matching quizzes found
Score Distribution
Percent of People with Each Score
Percentile by Number Answered
Your Score History
You have not taken this quiz